Haltestellen der Linie 5 (Wien) - Statistiken

Allgemein
  • Dieses Quiz wurde 46 mal gespielt
  • Das Durchschnittsergebnis liegt bei 17 aus 25
Antwortstatistiken
Andere Linien Haltestelle % Korrekt
U1, U2, ÖBB, O, 5B, 80A, 82A Praterstern
97%
U3, U6, ÖBB, 6, 9, 18, 52, 60 Westbahnhof
97%
U4, 33 Friedensbrücke
81%
33, 5B Wallensteinplatz
81%
33, 37, 38, 40, 41, 42 Spitalgasse
78%
ÖBB, D, 33 Franz-Josefs-Bahnhof
75%
- Kaiserstraße
75%
33, 43, 44 Lange Gasse
75%
33 Lazarettgasse
75%
2 Am Tabor
69%
48A Burggasse/Kaiserstraße
69%
31, 33 Klosterneuburger Straße/Wallensteinstraße
69%
O Nordbahnstraße
69%
33, 37, 38, 40A Nußdorfer Straße/Alserbachstraße
69%
- Lerchenfelder Straße
66%
5A Rauscherstraße
66%
2, 33 Albertgasse
63%
33 Florianigasse
63%
- Nordwestbahnstraße
63%
49 Westbahnstraße/Kaiserstraße
63%
33, 13A Laudongasse
59%
2, 33 Blindengasse
56%
48A Neustiftgasse/Kaiserstraße
56%
- Stollgasse
47%
O Mühlfeldgasse
44%
Keine übereinstimmenden Quizze gefunden
Verteilung der Resultate
Anzahl Personen mit jedem Resultat
Perzentil nach korrekt beantworteten Fragen
Ihre Resultats-Entwicklung
Sie haben dieses Quiz noch nicht gespielt